00471nam a2200121Ia 4500082001200000100001600012245011100028260002800139300002000167650005100187650007000238650004100308 aTD.0136 aDeole, D.R. 0aCentral assistance for planned economic development of the states with special reference to Madhya Pradesh c1977bVikram University a525p. + C D -17 aCENTRE STATE FISCAL RELATIONS - MADHYA PRADESH aINTERGOVERNMENTAL FISCAL RELATIONS//CENTRE STATE FISCAL RELATIONS aMADHYA PRADESH - ECONOMIC CONDITIONS